New Media (Record no. 2507)

MARC details
000 -LEADER
fixed length control field 00380nam a22001697a 4500
005 - DATE AND TIME OF LATEST TRANSACTION
control field 20160613134251.0
008 - FIXED-LENGTH DATA ELEMENTS--GENERAL INFORMATION
fixed length control field 160613b xxu||||| |||| 00| 0 eng d
020 ## - INTERNATIONAL STANDARD BOOK NUMBER
ISBN 0415939968
041 ## - LANGUAGE CODE
Language code of text/sound track or separate title eng
082 ## - DEWEY DECIMAL CLASSIFICATION NUMBER
Item number 7203
100 ## - MAIN ENTRY--AUTHOR NAME
Personal name Everall, anna and others
245 ## - TITLE STATEMENT
Title New Media
260 ## - PUBLICATION, DISTRIBUTION, ETC. (IMPRINT)
Name of publisher Rout ledge
Year of publication 2003
300 ## - PHYSICAL DESCRIPTION
Number of Pages 268
650 ## - SUBJECT ADDED ENTRY--TOPICAL TERM
Topical Term Management
942 ## - ADDED ENTRY ELEMENTS (KOHA)
Koha item type Books
Holdings
Lost status Damaged status Home library Current library Shelving location Date acquired Cost, normal purchase price Full call number Accession Number Koha item type
    JRU Library   SHELF-32-I 13/06/2016 595.00 7203 7203 Books